00266nam a22000857a 4500008004100000082002300041245007000064260003500134300001100169230623b xxu||||| |||| 00| 0 eng d a330-.96bCSAE 1999 aCentre for the Study of African Economies bResearch Summary 1999 aUKbUniversity of Oxfordc1999 aVI,78p